<?xml version="1.0" encoding="UTF-8"?>
<record
    xmlns:xsi="http://www.w3.org/2001/XMLSchema-instance"
    xsi:schemaLocation="http://www.loc.gov/MARC21/slim http://www.loc.gov/standards/marcxml/schema/MARC21slim.xsd"
    xmlns="http://www.loc.gov/MARC21/slim">

  <leader>01389nam a22002177a 4500</leader>
  <controlfield tag="005">20210414113953.0</controlfield>
  <controlfield tag="008">120601t        xxu||||| |||| 00| 0 eng d</controlfield>
  <datafield tag="020" ind1=" " ind2=" ">
    <subfield code="a">9780073526782</subfield>
  </datafield>
  <datafield tag="050" ind1=" " ind2=" ">
    <subfield code="a">HF5636.F86</subfield>
  </datafield>
  <datafield tag="100" ind1=" " ind2=" ">
    <subfield code="a">Edmond, Thomas P.</subfield>
  </datafield>
  <datafield tag="245" ind1=" " ind2=" ">
    <subfield code="a">Fundamental financial accounting concepts. /</subfield>
    <subfield code="c">Thomas P. Edmonds, Cindy D. Edmonds, Frances M. McNair...[et al]</subfield>
  </datafield>
  <datafield tag="250" ind1=" " ind2=" ">
    <subfield code="a">6th ed.</subfield>
  </datafield>
  <datafield tag="260" ind1=" " ind2=" ">
    <subfield code="a">Boston:</subfield>
    <subfield code="b">McGra-Hill,</subfield>
    <subfield code="c">2008.</subfield>
  </datafield>
  <datafield tag="300" ind1=" " ind2=" ">
    <subfield code="a">xxxvii, 761 p. :</subfield>
    <subfield code="b">ill. ;</subfield>
    <subfield code="c">28.3 cm.</subfield>
  </datafield>
  <datafield tag="505" ind1=" " ind2=" ">
    <subfield code="a">Contents: An Introduction to accounting -- Accounting accruals -- Accounting from deferrals -- The Double-entry accounting system -- Accounting for inventories -- Internal control and accounting for cash -- Accounting for receivables and payables -- Accounting for long-term operational assets -- Accounting for long term debt -- Accounting for equity transactions -- Statement of cash flows -- Online financial statement analysis -- Appendix A: Accessing the EDGAR database through the internet -- Appendix B: Annual report for the troop company. inc -- Appendix C: Summary of financial ratios -- Appendix D: Annual report and financial statement analysis projects -- Appendix E: Accounting for investment securities -- Time value of money.</subfield>
  </datafield>
  <datafield tag="700" ind1=" " ind2=" ">
    <subfield code="a">Edmonds, Cindy D.  </subfield>
  </datafield>
  <datafield tag="700" ind1=" " ind2=" ">
    <subfield code="a">McNair, Frances M. </subfield>
  </datafield>
  <datafield tag="700" ind1=" " ind2=" ">
    <subfield code="a">Milam, Edward E</subfield>
  </datafield>
  <datafield tag="700" ind1=" " ind2=" ">
    <subfield code="a">Olds, Philip R</subfield>
  </datafield>
  <datafield tag="942" ind1=" " ind2=" ">
    <subfield code="2">lcc</subfield>
    <subfield code="c">BK</subfield>
  </datafield>
  <datafield tag="999" ind1=" " ind2=" ">
    <subfield code="c">1062</subfield>
    <subfield code="d">8562</subfield>
  </datafield>
  <datafield tag="952" ind1=" " ind2=" ">
    <subfield code="0">0</subfield>
    <subfield code="1">0</subfield>
    <subfield code="2">lcc</subfield>
    <subfield code="4">0</subfield>
    <subfield code="7">0</subfield>
    <subfield code="a">WIUC-1</subfield>
    <subfield code="b">WIUC-1</subfield>
    <subfield code="c">GEN</subfield>
    <subfield code="d">2012-06-01</subfield>
    <subfield code="l">0</subfield>
    <subfield code="o">HF5636.F86</subfield>
    <subfield code="p">2729/12</subfield>
    <subfield code="r">2012-06-01 00:00:00</subfield>
    <subfield code="t">1</subfield>
    <subfield code="w">2012-06-01</subfield>
    <subfield code="y">BK</subfield>
  </datafield>
  <datafield tag="952" ind1=" " ind2=" ">
    <subfield code="0">0</subfield>
    <subfield code="1">0</subfield>
    <subfield code="2">lcc</subfield>
    <subfield code="4">0</subfield>
    <subfield code="7">0</subfield>
    <subfield code="a">WIUC-1</subfield>
    <subfield code="b">WIUC-1</subfield>
    <subfield code="c">GEN</subfield>
    <subfield code="d">2012-06-04</subfield>
    <subfield code="l">0</subfield>
    <subfield code="o">HF5636.F861</subfield>
    <subfield code="p">2730/12</subfield>
    <subfield code="r">2012-06-04 00:00:00</subfield>
    <subfield code="t">2</subfield>
    <subfield code="w">2012-06-04</subfield>
    <subfield code="y">BK</subfield>
  </datafield>
  <datafield tag="952" ind1=" " ind2=" ">
    <subfield code="0">0</subfield>
    <subfield code="1">0</subfield>
    <subfield code="2">lcc</subfield>
    <subfield code="4">0</subfield>
    <subfield code="7">0</subfield>
    <subfield code="a">WIUC-1</subfield>
    <subfield code="b">WIUC-1</subfield>
    <subfield code="c">GEN</subfield>
    <subfield code="d">2012-06-04</subfield>
    <subfield code="l">0</subfield>
    <subfield code="o">HF5636.F862</subfield>
    <subfield code="p">2731/12</subfield>
    <subfield code="r">2012-06-04 00:00:00</subfield>
    <subfield code="t">3</subfield>
    <subfield code="w">2012-06-04</subfield>
    <subfield code="y">BK</subfield>
  </datafield>
</record>
